Profiles in school support; (Record no. 34563)

MARC details
000 -LEADER
fixed length control field 01387cam a22003131 4500
001 - CONTROL NUMBER
control field hew65000123
003 - CONTROL NUMBER IDENTIFIER
control field DLC
005 - DATE AND TIME OF LATEST TRANSACTION
control field 20260227111514.0
008 - FIXED-LENGTH DATA ELEMENTS--GENERAL INFORMATION
fixed length control field 740118s1965 xx 000 0 eng
010 ## - LIBRARY OF CONGRESS CONTROL NUMBER
LC control number hew65000123
035 ## - SYSTEM CONTROL NUMBER
System control number (OCoLC)778731
040 ## - CATALOGING SOURCE
Original cataloging agency DLC
Transcribing agency OClU
Modifying agency ISS
-- OCoLC
-- DLC
042 ## - AUTHENTICATION CODE
Authentication code premarc
050 00 - LIBRARY OF CONGRESS CALL NUMBER
Classification number L111
Item number .A614 no. 47
051 ## - LIBRARY OF CONGRESS COPY, ISSUE, OFFPRINT STATEMENT
Classification number LB2825
Item number .H295
082 ## - DEWEY DECIMAL CLASSIFICATION NUMBER
Classification number 379.73
086 0# - GOVERNMENT DOCUMENT CLASSIFICATION NUMBER
Classification number FS 5.222:22022
100 1# - MAIN ENTRY--PERSONAL NAME
Personal name Harrison, Forrest William,
Dates associated with a name 1923-
245 10 - TITLE STATEMENT
Title Profiles in school support;
Remainder of title a decennial overview,
Statement of responsibility, etc. by Forrest W. Harrison [and] Eugene P. McLoone.
260 ## - PUBLICATION, DISTRIBUTION, ETC.
Place of publication, distribution, etc. [Washington]
Name of publisher, distributor, etc. U.S. Dept. of Health, Education, and Welfare, Office of Education; [for sale by the Superintendent of Documents, U.S. Govt. Print. Off.,
Date of publication, distribution, etc. 1965]
300 ## - PHYSICAL DESCRIPTION
Extent vi, 162 p.
Other physical details illus., maps.
Dimensions 20cm.
490 0# - SERIES STATEMENT
Series statement U. S. Ofice of Education. Miscellany,
Volume/sequential designation no. 47
500 ## - GENERAL NOTE
General note "OE-22022."
500 ## - GENERAL NOTE
General note "A publication of the Bureau of Educational Research and Development."
500 ## - GENERAL NOTE
General note Presents data for the 1959-60 school year.
501 ## - WITH NOTE
With note L111.A614 with: State education, structure and organization / Robert F. Will. Washington : U.S. Dept. of Health, Education, and Welfare, Office of Education, 1964. Bound together subsequent to publication.
Institution to which field applies DLC
650 #0 - SUBJECT ADDED ENTRY--TOPICAL TERM
Topical term or geographic name entry element Education
Geographic subdivision United States
General subdivision Finance
700 1# - ADDED ENTRY--PERSONAL NAME
Personal name McLoone, Eugene Peter,
Dates associated with a name 1929-
Relator term joint author

No items available.

Powered by Koha